000 01519nam a22004217a 4500
001 1038112
003 OSt
005 20210203092053.0
008 890327m19919999nyua 001 0beng
010 _a 89042915
020 _a0394531922 (v. 1)
020 _a0394559185 (v. 2)
020 _a978030726651 (v. 3)
040 _aDLC
_cDLC
_dDLC
_beng
041 _aeng
043 _ae-fr---
050 0 0 _aN6853.P5
_bR56 1991
080 _a7
_bR-53
082 0 0 _a709/.2
_aB
_220
100 1 _aRichardson, John,
_d1924-2019.
245 1 2 _aA life of Picasso /
_cJohn Richardson with the collaboration of Marilyn McCully.
_b/ by: Random House
250 _a1st edition
260 _aNew York
_bRandom House
_cc1991-< 2007 >
300 _av. <1-3 > :volume 2 548 p.
_bill.
_c26 cm.
365 _b39.95 usd
504 _aIncludes bibliographical references and index.
505 1 _av. 1. 1881-1906 -- v. 2. 1907-1917 -- [v. 3.] 1917-1932
600 1 0 _aPicasso, Pablo,
_d1881-1973.
650 0 _aArtists
_zFrance
_vBiography.
650 0 _aArt
_9447
653 _aხელოვნება
700 1 _aMcCully, Marilyn.
856 4 2 _3Contributor biographical information
_uhttp://www.loc.gov/catdir/bios/random056/89042915.html
856 4 2 _3Publisher description
_uhttp://www.loc.gov/catdir/description/random0412/89042915.html
856 4 1 _3Sample text
_uhttp://www.loc.gov/catdir/enhancements/fy0806/89042915-s.html
906 _a7
_bcbu
_corignew
_d1
_eocip
_f19
_gy-gencatlg
942 _2udc
_cBK
_e1
999 _c1148
_d1148